[Event "Madrid-ch Previa-A"]
[Site "Madrid"]
[Date "2025.02.05"]
[Round "3.28"]
[White "Martin Buitrago Lopez, Antonio"]
[Black "Moreno Sabroso, Ruben"]
[Result "1/2-1/2"]
[WhiteElo "1800"]
[BlackElo "1653"]
[PlyCount "132"]
[GameId "2145200956969073"]
[EventDate "2025.02.03"]
[EventType "swiss"]
[EventRounds "9"]
[EventCountry "ESP"]

1. e4 e6 2. d3 d5 3. Nd2 c5 4. Ngf3 Nc6 5. g3 Bd6 6. Bg2 Nge7 7. O-O O-O 8. Re1 Qc7 9. a4 Bd7 10. h4 a6 11. h5 b5 12. Nf1 Rfd8 13. h6 g6 14. Ng5 f6 15. exd5 exd5 16. Ne6 Bxe6 17. Rxe6 Kf7 18. Re1 Be5 19. Ne3 Qd7 20. Ng4 Nf5 21. c3 Bc7 22. Nh2 Re8 23. Nf3 Rxe1+ 24. Nxe1 Re8 25. Nc2 Qe6 26. Bf3 Ne5 27. axb5 axb5 28. Bg2 Nc6 29. Kf1 Kf8 30. Bd2 Ne5 31. Bc1 Nc6 32. Ra6 Qd7 33. Qf3 Rd8 34. Bf4 Bxf4 35. Qxf4 Kf7 36. g4 Nfe7 37. Ne3 g5 38. Qf3 Kg6 39. Qh3 Kf7 40. Qh5+ Kg8 41. Qh1 Kf7 42. Qh3 Kg8 43. Qf3 Kf7 44. d4 c4 45. Ke2 Qe6 46. Kd2 Kg6 47. Qh3 Kf7 48. Qh1 Kg8 49. Qa1 Qc8 50. Qa3 Kf7 51. Qc5 Qxa6 52. Nf5 Nxf5 53. Bxd5+ Rxd5 54. Qxd5+ Kf8 55. Qxf5 Nd8 56. Qxh7 Qb7 57. Qh8+ Ke7 58. Qg7+ Nf7 59. h7 Qe4 60. h8=Q Qd3+ 61. Ke1 Qb1+ 62. Ke2 Qd3+ 63. Ke1 Qb1+ 64. Kd2 Qd3+ 65. Kc1 Qf1+ 66. Kc2 Qd3+ 1/2-1/2

[Event "Madrid-ch Previa-A"]
[Site "Madrid"]
[Date "2025.02.05"]
[Round "3.29"]
[White "Martin Consuegra, Barrilero Javier"]
[Black "Lopez Manso, Jeronimo"]
[Result "1-0"]
[WhiteElo "1798"]
[BlackElo "1528"]
[PlyCount "43"]
[GameId "2145202403578008"]
[EventDate "2025.02.03"]
[EventType "swiss"]
[EventRounds "9"]
[EventCountry "ESP"]

1. Nf3 c5 2. b3 Nc6 3. Bb2 d5 4. e3 a6 5. d4 Nf6 6. Nbd2 cxd4 7. exd4 Bg4 8. Be2 e6 9. O-O Be7 10. a3 O-O 11. Ne5 Bxe2 12. Qxe2 Rc8 13. Rac1 Qb6 14. Ndf3 Rfd8 15. Rfd1 Ne4 16. Qd3 Bf6 17. Rf1 g6 18. c4 Nxe5 19. dxe5 Bg7 20. Bd4 Qa5 21. b4 Qa4 22. Bb6 1-0

[Event "Madrid-ch Previa-A"]
[Site "Madrid"]
[Date "2025.02.05"]
[Round "3.31"]
[White "Ruiz Bellon, Manuel"]
[Black "Perez de las Penas, Jorge Ivan"]
[Result "1-0"]
[WhiteElo "1965"]
[BlackElo "1620"]
[PlyCount "65"]
[GameId "2145304973856920"]
[EventDate "2025.02.03"]
[EventType "swiss"]
[EventRounds "9"]
[EventCountry "ESP"]

1. Nf3 Nf6 2. g3 g6 3. Bg2 Bg7 4. c4 O-O 5. Nc3 d6 6. d4 d5 7. O-O c6 8. cxd5 cxd5 9. Bf4 a6 10. Rc1 Nc6 11. h3 Bf5 12. Ne5 Ne4 13. Nxc6 bxc6 14. Nxe4 dxe4 15. e3 h6 16. g4 g5 17. gxf5 gxf4 18. Bxe4 fxe3 19. fxe3 Qd6 20. Qf3 Rac8 21. Rxc6 Rxc6 22. Bxc6 Rc8 23. Be4 Qf6 24. Kh1 Rb8 25. b3 a5 26. Rg1 Kh8 27. Qg3 Rb4 28. Qe1 Qd6 29. Qg3 Qf6 30. Rc1 a4 31. Rc6 e6 32. Rc8+ Kh7 33. fxe6+ 1-0

[Event "Madrid-ch Previa-A"]
[Site "Madrid"]
[Date "2025.02.05"]
[Round "3.32"]
[White "Santos Rodriguez, Jose"]
[Black "Castro Miranda, Juan Raul"]
[Result "1/2-1/2"]
[WhiteElo "1710"]
[BlackElo "1776"]
[PlyCount "84"]
[GameId "2145308147347625"]
[EventDate "2025.02.03"]
[EventType "swiss"]
[EventRounds "9"]
[EventCountry "ESP"]

1. d4 Nf6 2. Bf4 d6 3. Nf3 e6 4. e3 Be7 5. Nbd2 c5 6. c3 O-O 7. h3 b6 8. Bd3 Ba6 9. Ne4 Nxe4 10. Bxe4 d5 11. Bd3 Bxd3 12. Qxd3 cxd4 13. exd4 Nd7 14. O-O h6 15. Rfe1 Nf6 16. Rac1 Re8 17. Ne5 Qc8 18. c4 dxc4 19. Rxc4 Qb7 20. Rec1 Nd5 21. Qf3 Rac8 22. Bxh6 Bf6 23. Ng4 Qd7 24. Bf4 Rxc4 25. Rxc4 Rc8 26. Nxf6+ Nxf6 27. Qc3 Rxc4 28. Qxc4 Nd5 29. Be5 a5 30. a3 Qd8 31. b4 axb4 32. axb4 Qe7 33. b5 Qa3 34. Qc6 Qa7 35. Qc8+ Kh7 36. Qb8 Qd7 37. Qf8 f6 38. Bd6 Qxb5 39. Qf7 Qb1+ 40. Kh2 Qf5 41. Bf8 Qf4+ 42. Kg1 Qc1+ 1/2-1/2

[Event "Madrid-ch Previa-A"]
[Site "Madrid"]
[Date "2025.02.05"]
[Round "3.34"]
[White "Veuthey Martinez, Eloy"]
[Black "Vasquez Escobar, Andres Eloy"]
[Result "0-1"]
[WhiteElo "1601"]
[BlackElo "1579"]
[PlyCount "86"]
[GameId "2145314460922067"]
[EventDate "2025.02.03"]
[EventType "swiss"]
[EventRounds "9"]
[EventCountry "ESP"]

1. d4 c5 2. d5 e5 3. e4 d6 4. Nc3 Nf6 5. Nf3 Be7 6. Bb5+ Nbd7 7. a4 O-O 8. Nd2 a6 9. Bd3 h6 10. Nc4 Rb8 11. a5 Nh7 12. Bd2 Re8 13. Qf3 Ndf6 14. h3 Qc7 15. Nb6 Nd7 16. Nxc8 Rbxc8 17. Bc4 Rf8 18. h4 Qd8 19. Qg3 Kh8 20. Qh3 Ndf6 21. g4 Qd7 22. f3 h5 23. Rg1 hxg4 24. fxg4 Ng8 25. Qg3 Qd8 26. g5 Rc7 27. Nd1 f5 28. exf5 Rxf5 29. Bd3 Rf8 30. Bxh7 Kxh7 31. g6+ Kh8 32. Bg5 Bf6 33. Qg4 Nh6 34. Qh5 Kg8 35. Bxh6 gxh6 36. Qxh6 Rg7 37. h5 Bh4+ 38. Ke2 Qf6 39. Ne3 Qf2+ 40. Kd3 c4+ 41. Kxc4 Rf4+ 42. Kb3 Qxe3+ 43. Ka2 Ra4+ 0-1

[Event "Madrid-ch Previa-A"]
[Site "Madrid"]
[Date "2025.02.05"]
[Round "3.35"]
[White "Forteza Ribot, Juan"]
[Black "Gonzalez Bolado, David"]
[Result "0-1"]
[WhiteElo "1795"]
[BlackElo "1583"]
[PlyCount "56"]
[GameId "2145455181185137"]
[EventDate "2025.02.03"]
[EventType "swiss"]
[EventRounds "9"]
[EventCountry "ESP"]

1. e4 c5 2. Nf3 Nc6 3. Bb5 g6 4. Bxc6 dxc6 5. d4 cxd4 6. Qxd4 Qxd4 7. Nxd4 Bg7 8. c3 e5 9. Ne2 Ne7 10. f4 f5 11. Nd2 O-O 12. O-O b6 13. fxe5 Bxe5 14. Nc4 Bc7 15. Bg5 Re8 16. e5 Nd5 17. Nd4 Bd7 18. Rae1 Kf7 19. g4 b5 20. gxf5 gxf5 21. Nd6+ Bxd6 22. exd6 Rg8 23. Nxf5 Bxf5 24. Rxf5+ Kg6 25. Ree5 Rae8 26. Be7 Nxe7 27. Rg5+ Kf6 28. Rxg8 Rxg8+ 0-1

[Event "Madrid-ch Previa-A"]
[Site "Madrid"]
[Date "2025.02.05"]
[Round "3.36"]
[White "Goday Rivas, Alvaro"]
[Black "Villodre Miranda, Juan Alonso"]
[Result "1/2-1/2"]
[WhiteElo "1538"]
[BlackElo "1698"]
[PlyCount "160"]
[GameId "2145456172114069"]
[EventDate "2025.02.03"]
[EventType "swiss"]
[EventRounds "9"]
[EventCountry "ESP"]

1. e4 g6 2. Nf3 Bg7 3. d4 d6 4. Be2 h6 5. Nc3 Nd7 6. Be3 e5 7. Qd2 exd4 8. Bxd4 Ngf6 9. O-O O-O 10. Rfd1 Qe7 11. Qe3 c5 12. Bxf6 Nxf6 13. Nd2 Be6 14. Nc4 Bxc4 15. Bxc4 a6 16. a4 Rfe8 17. Bd3 h5 18. h3 Qc7 19. Qf3 c4 20. Be2 Qc6 21. Rd4 b5 22. e5 Qxf3 23. Bxf3 dxe5 24. Rdd1 e4 25. Be2 Rab8 26. axb5 axb5 27. Ra7 b4 28. Bxc4 bxc3 29. Bxf7+ Kh7 30. Bxe8 Rxe8 31. bxc3 Kg8 32. Rda1 Kf8 33. R1a6 Re7 34. Rxe7 Kxe7 35. c4 Nd7 36. Rxg6 Bf6 37. Rg3 Kd6 38. Ra3 Ne5 39. Re3 Nxc4 40. Rxe4 Ne5 41. c4 Kc5 42. Rf4 Bg7 43. Rh4 Nxc4 44. Rxh5+ Kd6 45. Kf1 Ke6 46. g4 Nd6 47. Ra5 Nf7 48. f4 Nh6 49. f5+ Kf6 50. Kf2 Bf8 51. Kf3 Nf7 52. h4 Kg7 53. Ra6 Ne5+ 54. Kf4 Nd3+ 55. Kg3 Nc5 56. Rb6 Ne4+ 57. Kf4 Nf6 58. Rb7+ Kg8 59. g5 Bd6+ 60. Kf3 Ne8 61. f6 Kf8 62. h5 Be5 63. h6 Bxf6 64. gxf6 Nxf6 65. Kf4 Kg8 66. Kg5 Nh7+ 67. Kg6 Nf8+ 68. Kf5 Nh7 69. Rg7+ Kh8 70. Kg6 Nf8+ 71. Kf7 Ne6 72. Rg1 Nd8+ 73. Ke7 Nc6+ 74. Kd6 Nd4 75. Kd7 Nf5 76. Ke8 Kh7 77. Kf7 Nxh6+ 78. Kf8 Nf5 79. Rh1+ Kg6 80. Rg1+ Kf6 1/2-1/2

[Event "Madrid-ch Previa-A"]
[Site "Madrid"]
[Date "2025.02.05"]
[Round "3.37"]
[White "Castro Torres, Vicente"]
[Black "De Juan Rivas, Antonio"]
[Result "1-0"]
[WhiteElo "1534"]
[BlackElo "1647"]
[PlyCount "69"]
[GameId "2145485881155750"]
[EventDate "2025.02.03"]
[EventType "swiss"]
[EventRounds "9"]
[EventCountry "ESP"]

1. e4 c5 2. c3 Nc6 3. d4 cxd4 4. cxd4 g6 5. Nf3 Bg7 6. Bc4 e6 7. O-O Qb6 8. e5 Nge7 9. Nc3 Nf5 10. Na4 Qb4 11. Bb3 Ncxd4 12. Nxd4 Qxd4 13. Qxd4 Nxd4 14. f4 b6 15. Be3 Nf5 16. Bd2 Bb7 17. Nc3 Nh4 18. Nb5 O-O 19. Bb4 Bxg2 20. Rfd1 Rfc8 21. Be7 Bc6 22. Nd6 Nf3+ 23. Kf2 Rc7 24. h4 h5 25. Rac1 Nh2 26. Rd3 Ng4+ 27. Kg1 Nh6 28. Bd1 Nf5 29. Nxf5 exf5 30. Rg3 Kh7 31. Bb3 Kg8 32. Rxg6 Rac8 33. Bf6 Kh7 34. Rxg7+ Kh6 35. Bxf7 1-0

[Event "Madrid-ch Previa-A"]
[Site "Madrid"]
[Date "2025.02.10"]
[Round "4.1"]
[White "Vazquez Gonzalez, Jesus"]
[Black "Lorenzo Bailador, Alfredo"]
[Result "0-1"]
[WhiteElo "1920"]
[BlackElo "1927"]
[PlyCount "98"]
[GameId "2147477244055690"]
[EventDate "2025.02.03"]
[EventType "swiss"]
[EventRounds "9"]
[EventCountry "ESP"]

1. e4 e5 2. Nf3 Nc6 3. Bc4 Bc5 4. c3 Nf6 5. b4 Bb6 6. d3 d6 7. Nbd2 O-O 8. a4 a6 9. Nf1 Be6 10. Bxe6 fxe6 11. Be3 Bxe3 12. Nxe3 Qe8 13. Qb3 Nh5 14. Ng5 Nf4 15. O-O-O h6 16. Nh3 Nxh3 17. gxh3 Rxf2 18. Rhg1 Kh7 19. Rg3 Qe7 20. Rdg1 Rg8 21. Ng4 Rf4 22. Nxh6 Kxh6 23. Rg6+ Kh7 24. Qd1 Rh4 25. Qf3 Rh6 26. Qg4 Qf7 27. Rg5 Qf4+ 28. Kc2 Qxg4 29. R1xg4 Rxh3 30. Rg2 g6 31. Rf2 Kg7 32. Rg1 Rgh8 33. Rgg2 R8h7 34. b5 axb5 35. axb5 Ne7 36. c4 Ng8 37. b6 cxb6 38. Kc3 Nf6 39. Rb2 Nxe4+ 40. Kb4 Nc5 41. Kb5 Nxd3 42. Rbc2 Nf4 43. Rgd2 d5 44. Kxb6 e4 45. Kxb7 e3 46. Rd1 Rxh2 47. Rcc1 e2 48. Rd4 dxc4 49. Rdxc4 Nd5 0-1

[Event "Madrid-ch Previa-A"]
[Site "Madrid"]
[Date "2025.02.10"]
[Round "4.2"]
[White "Gal, Eugen"]
[Black "Pulido Gomez, Pablo"]
[Result "0-1"]
[WhiteElo "1971"]
[BlackElo "1913"]
[PlyCount "44"]
[GameId "2147479071912140"]
[EventDate "2025.02.03"]
[EventType "swiss"]
[EventRounds "9"]
[EventCountry "ESP"]

1. e4 e6 2. Nc3 d5 3. Nf3 Nf6 4. e5 Nfd7 5. d4 c5 6. Bg5 Qb6 7. a3 cxd4 8. Na4 Qa5+ 9. c3 b5 10. b4 Qxa4 11. Qxd4 Nc6 12. Qh4 a5 13. Be2 axb4 14. O-O bxa3 15. Nd4 Nxd4 16. cxd4 b4 17. f4 b3 18. f5 Nxe5 19. fxe6 Bxe6 20. dxe5 Qxh4 21. Bxh4 Bc5+ 22. Kh1 O-O 0-1

[Event "Madrid-ch Previa-A"]
[Site "Madrid"]
[Date "2025.02.10"]
[Round "4.3"]
[White "Martin Martin, Luis Vicente"]
[Black "Blazquez Sanz, Oscar"]
[Result "1/2-1/2"]
[WhiteElo "1916"]
[BlackElo "1980"]
[PlyCount "86"]
[GameId "2147479805419739"]
[EventDate "2025.02.03"]
[EventType "swiss"]
[EventRounds "9"]
[EventCountry "ESP"]

1. d4 d5 2. Nf3 Nf6 3. Bf4 c5 4. e3 cxd4 5. exd4 Nc6 6. c3 e6 7. Nbd2 Be7 8. Bd3 h6 9. Ne5 Nxe5 10. Bxe5 Bd7 11. Qe2 Rc8 12. O-O Bc6 13. f4 O-O 14. f5 Bd7 15. fxe6 Bxe6 16. Bc2 Rc6 17. Qd3 g6 18. Qf3 Nd7 19. Bf4 Bg5 20. Qg3 Bxf4 21. Rxf4 Qg5 22. Qf2 b5 23. h4 Qe7 24. Re1 Qd6 25. Qe3 Kg7 26. Nf3 Rb8 27. Ne5 Nxe5 28. dxe5 Qc5 29. Qxc5 Rxc5 30. Bb3 a5 31. a3 b4 32. cxb4 axb4 33. a4 Rb6 34. Rd4 Bd7 35. Bxd5 Bxa4 36. b3 Bc6 37. Bc4 Rb7 38. e6 Re7 39. Rd8 fxe6 40. Rc8 Kf6 41. Rf8+ Kg7 42. Rc8 Kf6 43. Rf8+ Kg7 1/2-1/2

[Event "Madrid-ch Previa-A"]
[Site "Madrid"]
[Date "2025.02.10"]
[Round "4.4"]
[White "Alvarez Abejon, Amilcar"]
[Black "Martin Rodriguez, Emilio"]
[Result "1/2-1/2"]
[WhiteElo "1912"]
[BlackElo "1939"]
[PlyCount "95"]
[GameId "2147480689619178"]
[EventDate "2025.02.03"]
[EventType "swiss"]
[EventRounds "9"]
[EventCountry "ESP"]

1. c4 c6 2. Nf3 d5 3. d4 Nf6 4. Nc3 a6 5. cxd5 cxd5 6. Bf4 Nc6 7. e3 g6 8. Bd3 Bg7 9. h3 O-O 10. O-O b5 11. a4 b4 12. Na2 Qb6 13. Nc1 Bb7 14. Nb3 Nd7 15. Rc1 e5 16. dxe5 Ncxe5 17. Nxe5 Nxe5 18. Be2 Rac8 19. Nd4 Nc6 20. Nxc6 Rxc6 21. Qd2 Rfc8 22. Bg4 Rxc1 23. Rxc1 Rxc1+ 24. Qxc1 d4 25. Qd2 b3 26. exd4 Qxd4 27. Qxd4 Bxd4 28. Bc1 a5 29. Bd1 Bd5 30. Kf1 Kf8 31. f3 Ke7 32. Ke2 Bc4+ 33. Kd2 Kd6 34. Be2 Kc5 35. Bd3 Kb4 36. Be2 Bxe2 37. Kxe2 Kxa4 38. Kd3 Be5 39. Kc4 f5 40. Kc5 f4 41. Kc4 g5 42. Kc5 h6 43. Kc4 Bb8 44. Bd2 Be5 45. Bc3 Bd6 46. Bf6 Bb4 47. Bd4 Be7 48. Be5 1/2-1/2

[Event "Madrid-ch Previa-A"]
[Site "Madrid"]
[Date "2025.02.10"]
[Round "4.5"]
[White "Pinan Gaviria, Jose"]
[Black "Rodriguez Garcia, Jose Maria"]
[Result "1/2-1/2"]
[WhiteElo "1803"]
[BlackElo "1935"]
[PlyCount "103"]
[GameId "2147484016156924"]
[EventDate "2025.02.03"]
[EventType "swiss"]
[EventRounds "9"]
[EventCountry "ESP"]

1. e4 c6 2. d4 d5 3. Bd3 dxe4 4. Bxe4 Nf6 5. Bf3 Bf5 6. Ne2 e6 7. O-O Be7 8. c4 Bg4 9. Bxg4 Nxg4 10. h3 Nf6 11. Be3 Nbd7 12. Qc2 O-O 13. Nbc3 Rc8 14. Rfd1 Qa5 15. a3 Qh5 16. Ng3 Qg6 17. Qe2 Bd6 18. Nf1 Bb8 19. Nd2 Rfe8 20. Nf3 Qh5 21. Qc2 Qg6 22. Qb3 b6 23. Rd2 e5 24. d5 c5 25. Qd1 Qh5 26. Nh2 Qh4 27. Nf3 Qh5 28. Ng5 Qxd1+ 29. Raxd1 e4 30. h4 h6 31. Nh3 Ne5 32. b3 Ng6 33. g3 Be5 34. Ne2 Bd6 35. Nhf4 Ne5 36. Nc3 Nf3+ 37. Kg2 Nxd2 38. Rxd2 Ng4 39. Nb5 Nxe3+ 40. fxe3 Bxf4 41. gxf4 Re7 42. f5 Rd7 43. Kg3 g5 44. h5 f6 45. a4 a6 46. Nc3 Re8 47. Kg4 Rd6 48. Rd1 Re7 49. Rd2 Kf8 50. Rd1 Ke8 51. Rd2 Kd8 52. Rd1 1/2-1/2

[Event "Madrid-ch Previa-A"]
[Site "Madrid"]
[Date "2025.02.10"]
[Round "4.6"]
[White "De la Orden Alcocer, Alejandro"]
[Black "Alonso Anton, Carlos"]
[Result "1/2-1/2"]
[WhiteElo "1927"]
[BlackElo "1856"]
[PlyCount "111"]
[GameId "2147489818263825"]
[EventDate "2025.02.03"]
[EventType "swiss"]
[EventRounds "9"]
[EventCountry "ESP"]

1. c4 e5 2. g3 Nf6 3. Bg2 Bc5 4. Nc3 Nc6 5. e3 O-O 6. Nge2 Re8 7. d3 d6 8. O-O a6 9. a3 Rb8 10. b4 Ba7 11. d4 Ne7 12. Bb2 Bf5 13. dxe5 dxe5 14. c5 c6 15. e4 Be6 16. Qc2 Qc7 17. Rfd1 Rbd8 18. Rxd8 Rxd8 19. Rd1 Rxd1+ 20. Nxd1 Nd7 21. Ne3 f6 22. Nc4 b6 23. cxb6 Nxb6 24. Nxb6 Qxb6 25. Nc3 a5 26. Na4 Qc7 27. Nc5 Bf7 28. Bf1 axb4 29. axb4 h6 30. Bc4 Bxc5 31. Bxf7+ Kxf7 32. Qxc5 Qd7 33. Qc4+ Kg6 34. Bc1 Qd1+ 35. Kg2 Qd7 36. Be3 Nc8 37. Bc5 Ne7 38. h4 h5 39. Kh2 Nc8 40. Kg2 Ne7 41. Bxe7 Qxe7 42. Qxc6 Qxb4 43. Qe8+ Kh6 44. Qa8 Qd4 45. Qd5 Qb4 46. Qd3 Qa4 47. Qf3 Qd7 48. Qe3+ Kg6 49. Qe2 Qg4 50. Qc4 Qd7 51. Qg8 Qf7 52. Qc8 Kh6 53. Kh3 Kh7 54. Qc2 Qd7+ 55. Kg2 g6 56. Qe2 1/2-1/2

[Event "Madrid-ch Previa-A"]
[Site "Madrid"]
[Date "2025.02.10"]
[Round "4.7"]
[White "Marin Lopez, Jeronimo"]
[Black "Lopez Heras, Arturo"]
[Result "1-0"]
[WhiteElo "1922"]
[BlackElo "1828"]
[PlyCount "51"]
[GameId "2147492437717283"]
[EventDate "2025.02.03"]
[EventType "swiss"]
[EventRounds "9"]
[EventCountry "ESP"]

1. e4 c5 2. Nc3 Nc6 3. Bb5 g6 4. Bxc6 dxc6 5. d3 Bg7 6. f4 Nf6 7. Nf3 Bg4 8. O-O O-O 9. h3 Bxf3 10. Qxf3 e6 11. Be3 Nd7 12. e5 Qe7 13. Ne4 Rab8 14. a4 a5 15. Bd2 b6 16. Rae1 Rbc8 17. Bc3 Rc7 18. g4 Nb8 19. Qg3 Re8 20. Nd6 Rd8 21. f5 exf5 22. gxf5 Qf8 23. Ne4 Re7 24. f6 Re6 25. fxg7 Qxg7 26. Ng5 1-0

[Event "Madrid-ch Previa-A"]
[Site "Madrid"]
[Date "2025.02.10"]
[Round "4.8"]
[White "Nunez Munoz, Jesus"]
[Black "Vukotic Jovsic, Dragan"]
[Result "1-0"]
[WhiteElo "1996"]
[BlackElo "1812"]
[PlyCount "25"]
[GameId "2147494462796082"]
[EventDate "2025.02.03"]
[EventType "swiss"]
[EventRounds "9"]
[EventCountry "ESP"]

1. e4 c5 2. Nf3 d6 3. d4 cxd4 4. Nxd4 Nf6 5. Nc3 g6 6. Be2 Bg7 7. O-O O-O 8. Bg5 Nc6 9. Nb3 Be6 10. Kh1 Na5 11. f4 Bc4 12. e5 dxe5 13. Qxd8 1-0

[Event "Madrid-ch Previa-A"]
[Site "Madrid"]
[Date "2025.02.10"]
[Round "4.9"]
[White "Hernandez Gutierrez, Jose"]
[Black "Vazquez Gonzalez, Francisco"]
[Result "0-1"]
[WhiteElo "1825"]
[BlackElo "1965"]
[PlyCount "125"]
[GameId "2147494888890703"]
[EventDate "2025.02.03"]
[EventType "swiss"]
[EventRounds "9"]
[EventCountry "ESP"]

1. d4 Nf6 2. Nf3 e6 3. g3 d5 4. Bg2 c5 5. O-O Nc6 6. c3 h6 7. b3 cxd4 8. cxd4 Bd6 9. Ba3 O-O 10. Bxd6 Qxd6 11. Nc3 Bd7 12. Re1 Rac8 13. Rc1 Qb4 14. Qd3 Rfd8 15. Rc2 a6 16. Na4 Ne4 17. Nc5 Nxd4 18. Qxd4 Qxd4 19. Nxd4 Nxc5 20. Rec1 Ne4 21. Bxe4 dxe4 22. Rxc8 Rxc8 23. Rxc8+ Bxc8 24. b4 Bd7 25. f4 exf3 26. exf3 Kf8 27. Kf2 Ke7 28. Ke3 Kd6 29. f4 Kd5 30. Nb3 f6 31. Nd2 Bb5 32. g4 Bd7 33. h4 Be8 34. Kd3 Bb5+ 35. Ke3 Ba4 36. Kd3 Be8 37. Ke3 Bg6 38. g5 Bc2 39. gxh6 gxh6 40. a3 b6 41. Nf3 e5 42. fxe5 fxe5 43. Nd2 Bf5 44. Nf3 Bc2 45. Nd2 e4 46. a4 Bxa4 47. Nxe4 Kc4 48. h5 Bd1 49. Nf6 Kxb4 50. Kd2 Bb3 51. Kc1 Be6 52. Kb2 a5 53. Ne4 a4 54. Nf2 a3+ 55. Ka1 b5 56. Ne4 Bf7 57. Nd6 Bd5 58. Nf5 Kc3 59. Nxh6 b4 60. Nf7 b3 61. Ne5 Bf7 62. Kb1 a2+ 63. Ka1 0-1

[Event "Madrid-ch Previa-A"]
[Site "Madrid"]
[Date "2025.02.10"]
[Round "4.10"]
[White "Iribarren Galarza, Aritz"]
[Black "Arevillca Colque, Jonatan"]
[Result "0-1"]
[WhiteElo "1810"]
[BlackElo "1957"]
[PlyCount "78"]
[GameId "2147503786983941"]
[EventDate "2025.02.03"]
[EventType "swiss"]
[EventRounds "9"]
[EventCountry "ESP"]

1. e4 e5 2. Nf3 Nc6 3. Bb5 a6 4. Ba4 Nf6 5. O-O Be7 6. Re1 b5 7. Bb3 d6 8. c3 O-O 9. h3 Re8 10. d3 Na5 11. Bc2 c5 12. Nbd2 Qc7 13. Nf1 Bf8 14. Bg5 Nd7 15. Ne3 Nb6 16. Rc1 g6 17. b4 Nc6 18. Bb3 Bg7 19. Nd5 Nxd5 20. exd5 Ne7 21. bxc5 dxc5 22. c4 Bd7 23. cxb5 axb5 24. d4 c4 25. dxe5 Qb7 26. Bxe7 Rxe7 27. Bxc4 bxc4 28. Rxc4 Rxa2 29. d6 Re8 30. Rc7 Qb2 31. Rf1 Rd8 32. Qd5 Be6 33. Qc5 Ra4 34. Rc1 Bh6 35. Rc2 Qb1+ 36. Kh2 Bf4+ 37. g3 Ra1 38. Rc1 Bxc1 39. Ra7 Ba3 0-1

[Event "Madrid-ch Previa-A"]
[Site "Madrid"]
[Date "2025.02.10"]
[Round "4.11"]
[White "Garcia Galeote, Lorenzo"]
[Black "Garcia Diez, Mariano"]
[Result "1/2-1/2"]
[WhiteElo "1944"]
[BlackElo "1805"]
[PlyCount "52"]
[GameId "2147504599859732"]
[EventDate "2025.02.03"]
[EventType "swiss"]
[EventRounds "9"]
[EventCountry "ESP"]

1. Nf3 d5 2. d4 Nf6 3. c4 c6 4. cxd5 cxd5 5. Nc3 Nc6 6. Bf4 Nh5 7. Bg3 Nxg3 8. hxg3 h6 9. e3 Bf5 10. Bd3 Bxd3 11. Qxd3 e6 12. a3 Bd6 13. b4 a6 14. Rc1 Qe7 15. O-O O-O 16. Rc2 Bxb4 17. axb4 Nxb4 18. Qd2 Nxc2 19. Qxc2 Rfc8 20. Qb3 Rc4 21. Ne5 Qb4 22. Qxb4 Rxb4 23. Ra1 Rc8 24. Na4 b6 25. Nd7 Rc6 26. Naxb6 Rbxb6 1/2-1/2

[Event "Madrid-ch Previa-A"]
[Site "Madrid"]
[Date "2025.02.10"]
[Round "4.12"]
[White "Lozano Argueso, Cesar"]
[Black "Martin Consuegra, Barrilero Javier"]
[Result "1-0"]
[WhiteElo "1935"]
[BlackElo "1798"]
[PlyCount "87"]
[GameId "2147505394295331"]
[EventDate "2025.02.03"]
[EventType "swiss"]
[EventRounds "9"]
[EventCountry "ESP"]

1. e4 d6 2. d4 Nf6 3. Nc3 e5 4. Nf3 Nbd7 5. Bc4 Be7 6. O-O O-O 7. h3 h6 8. Be3 c6 9. a4 a5 10. Qe2 Qc7 11. Ba2 Re8 12. Rad1 Nf8 13. Qc4 Ne6 14. d5 cxd5 15. exd5 Qxc4 16. Bxc4 Nf8 17. Nb5 Bf5 18. Nc7 Rec8 19. Nxa8 Rxc4 20. c3 Rxa4 21. Ra1 Rxa1 22. Rxa1 Nxd5 23. Rxa5 Nxe3 24. fxe3 Be4 25. Nd2 Bd8 26. Ra7 Bd5 27. b4 b5 28. Nc7 Bc6 29. Ra6 Bxg2 30. Kxg2 Bxc7 31. Ra8 f5 32. Rc8 Bb6 33. Kf3 f4 34. exf4 exf4 35. Kxf4 Kf7 36. Rb8 Bc7 37. Rxb5 d5+ 38. Kg4 Ke6 39. Nf3 g6 40. Nd4+ Ke5 41. Rb7 h5+ 42. Kf3 Bd6 43. Rf7 h4 44. Ke3 1-0

[Event "Madrid-ch Previa-A"]
[Site "Madrid"]
[Date "2025.02.10"]
[Round "4.13"]
[White "Jimenez Jimenez, Darfo"]
[Black "Bocancea, Cristian Andrei"]
[Result "0-1"]
[WhiteElo "1710"]
[BlackElo "1905"]
[PlyCount "102"]
[GameId "2147506211373618"]
[EventDate "2025.02.03"]
[EventType "swiss"]
[EventRounds "9"]
[EventCountry "ESP"]

1. e4 c5 2. Nf3 d6 3. d4 cxd4 4. c3 Nf6 5. Qxd4 Nc6 6. Qd3 g6 7. h3 Bg7 8. Be3 O-O 9. Nbd2 Qc7 10. Be2 Rd8 11. Bf4 e5 12. Bg5 h6 13. Bh4 g5 14. Bg3 d5 15. Qb1 Be6 16. exd5 Nxd5 17. O-O f5 18. Re1 Qf7 19. Nb3 Nf4 20. Bb5 Bd5 21. Bxc6 bxc6 22. Nxe5 Bxe5 23. Rxe5 Be4 24. Rxe4 fxe4 25. Qxe4 Qd5 26. Qxd5+ Rxd5 27. Bxf4 gxf4 28. Re1 Rad8 29. Nd4 R8d6 30. Kf1 Kf7 31. Re4 Rf6 32. c4 Rd8 33. Ke2 Kg6 34. Kf3 a5 35. Ne6 Rd2 36. Nxf4+ Kf7 37. Re5 Rd3+ 38. Ke2 Rd4 39. g3 a4 40. b3 Rfd6 41. Re3 Rd2+ 42. Kf3 a3 43. c5 Rd7 44. b4 Rxa2 45. Nd3 Ra7 46. Ne5+ Kf6 47. Nxc6 Ra4 48. b5 Rb2 49. Nd4 a2 50. c6 a1=Q 51. c7 Qh1+ 0-1

[Event "Madrid-ch Previa-A"]
[Site "Madrid"]
[Date "2025.02.10"]
[Round "4.14"]
[White "Moreno Torrero, Javier"]
[Black "Fernandez Garcia, Ignacio"]
[Result "1-0"]
[WhiteElo "1900"]
[BlackElo "1790"]
[PlyCount "87"]
[GameId "2147509882225220"]
[EventDate "2025.02.03"]
[EventType "swiss"]
[EventRounds "9"]
[EventCountry "ESP"]

1. e4 c6 2. d4 d6 3. Nc3 Nf6 4. f4 Na6 5. Nf3 Nc7 6. Bd3 b5 7. a3 a6 8. O-O Bg4 9. h3 Be6 10. Qe2 Bc8 11. Be3 g6 12. g4 h5 13. g5 Bxh3 14. gxf6 Bxf1 15. Rxf1 exf6 16. d5 c5 17. e5 c4 18. exd6 cxd3 19. cxd3 Bxd6 20. Bc5+ Kf8 21. Bd4 Qe7 22. Ne4 Nxd5 23. Qc2 Bxf4 24. Re1 Qd7 25. Qc5+ Kg7 26. Nxf6 Nxf6 27. Bxf6+ Kh7 28. Re7 Qg4+ 29. Kf2 Qg3+ 30. Ke2 Rhe8 31. Qd5 Qg2+ 32. Kd1 Rxe7 33. Bxe7 Qf1+ 34. Kc2 Rc8+ 35. Kb3 Qd1+ 36. Ka2 Rg8 37. Qxf7+ Rg7 38. Qxf4 Rxe7 39. Qf8 Rg7 40. Ng5+ Kh6 41. Ne6 h4 42. Qxg7+ Kh5 43. Qh7+ Kg4 44. Qxg6+ 1-0

[Event "Madrid-ch Previa-A"]
[Site "Madrid"]
[Date "2025.02.10"]
[Round "4.15"]
[White "Marquez Misel, Michael Angel"]
[Black "Rubio Rivera, Felix"]
[Result "1/2-1/2"]
[WhiteElo "1879"]
[BlackElo "1727"]
[PlyCount "54"]
[GameId "2147510883037779"]
[EventDate "2025.02.03"]
[EventType "swiss"]
[EventRounds "9"]
[EventCountry "ESP"]

1. d4 Nf6 2. Bf4 d5 3. e3 e6 4. Nf3 Bd6 5. Bg3 O-O 6. Nbd2 c5 7. c3 b6 8. Bd3 Ba6 9. Bxa6 Nxa6 10. Ne5 Nb8 11. Bh4 Be7 12. O-O Nfd7 13. Bxe7 Qxe7 14. f4 f6 15. Nd3 Nc6 16. Qa4 Rac8 17. e4 dxe4 18. Nxe4 cxd4 19. cxd4 Rfd8 20. Rad1 Nf8 21. Nc1 Qb4 22. Qxb4 Nxb4 23. a3 Nc2 24. Rd2 Nxd4 25. Rfd1 Nc6 26. Rxd8 Rxd8 27. Rxd8 Nxd8 1/2-1/2